Victory for us is to see you suffer (Record no. 14485)
[ view plain ]
| 000 -LEADER | |
|---|---|
| fixed length control field | 01793nam a2200397Ia 4500 |
| 100 1# - MAIN ENTRY--AUTHOR NAME | |
| Personal name | Winslow, Philip C. |
| 245 10 - TITLE STATEMENT | |
| Title | Victory for us is to see you suffer |
| 260 ## - PUBLICATION, DISTRIBUTION, ETC. (IMPRINT) | |
| Place of publication | Boston : |
| Name of publisher | Beacon Press, |
| Year of publication | c2007. |
| 300 ## - PHYSICAL DESCRIPTION | |
| Number of Pages | xxiii, 224 p. : |
| Other physical details | map. |
| 650 #0 - SUBJECT ADDED ENTRY--TOPICAL TERM | |
| Topical Term | Military occupation |
| Topical Term | Palestinian Arabs |
| Topical Term | Israelis |
| Topical Term | Jews |
| Topical Term | Arab-Israeli conflict |
| 856 40 - ELECTRONIC LOCATION AND ACCESS | |
| Uniform Resource Identifier | http://site.ebrary.com/lib/rucke/Doc?id=10256100 |
No items available.
